| 000 | 00609cab a2200181 4500 | ||
|---|---|---|---|
| 001 | ##L132337 | ||
| 008 | 060130n2006 000 0 eng u | ||
| 035 | _a(Sirsi) u132337 | ||
| 041 | 0 | _aeng | |
| 100 | 1 | _aSpring, Martin | |
| 245 | 0 | 0 | _aGreater expectations |
| 260 | _c2006 | ||
| 490 | 0 |
_aBuilding _v271(8415) 27 January 2006, 52-53(2) |
|
| 520 | _aReports on the current construction boom in Greater Manchester. Lists the 24 most significant projects, giving details of developers, architects and contractors. | ||
| 590 | _aIKA310106 | ||
| 690 | _aBUILT ENVIRONMENT-CONSTRUCTION MARKET | ||
| 942 | _n0 | ||
| 999 |
_c76403 _d76403 |
||